Famous People Named Mary - Statistics

General Stats
  • This quiz has been taken 205 times
  • The average score is 9 of 20
Answer Stats
Hint Person % Correct
Magical flying nanny Mary Poppins
94%
Austrian-born Queen of France who met her end by guillotine in 1793 Marie Antoinette
92%
First woman to win a Nobel Prize and the first person to win it twice Marie Curie
87%
Discovered that Jesus' tomb was empty Mary Magdalene
69%
Greatest rival to Queen Elizabeth's throne Mary, Queen of Scots
66%
Donny and Jimmy's sister Marie Osmond
63%
Twin sister of Ashley who starred as Michelle Tanner in "Full House" Mary-Kate Olsen
57%
She is widely considered the founder of the science fiction genre Mary Shelley
51%
Ex-wife of Arnold Schwarzenegger Maria Shriver
47%
Photogenic 5x Grand Slam tennis champion known for her grunts Maria Sharapova
43%
Her sister married Henry VIII in 1533 Mary Boleyn
41%
Singer of "Family Affair" who is often referred to as the "Queen of Hip-Hop Soul" Mary J. Blige
40%
Mother of the above who was the only female ruler of the Habsburg Empire Maria Theresa
26%
Spiderman's love interest Mary Jane Watson
21%
This powerful Florentine was France's queen regent between 1610–1617 Marie de' Medici
20%
Founder of Christian Science Mary Baker Eddy
17%
She is cited as "Songbird Supreme" by Guinness World Records Mariah Carey
16%
18th century feminist icon who wrote "A Vindication of the Rights of Woman" Mary Wollstonecraft
14%
Lead singer of Roxette Marie Fredriksson
10%
She succeeded Harriet Lane and preceded Eliza Johnson Mary Todd Lincoln
7%
No matching quizzes found
Score Distribution
Percent of People with Each Score
Percentile by Number Answered
Your Score History
You have not taken this quiz